[Event "St Petersburg Korchnoi Memorial op"]
[Site "St Petersburg"]
[Date "2023.08.23"]
[Round "8"]
[White "Davydov, Nikita"]
[Black "Pereverzev, Valerii"]
[Result "1-0"]
[WhiteElo "1680"]
[BlackElo "1946"]
[PlyCount "119"]
[EventDate "2023.08.18"]
[EventType "swiss"]
[EventRounds "9"]
[EventCountry "RUS"]
[SourceTitle "EXT 2024"]
[Source "ChessBase"]
[SourceDate "2023.10.10"]
[SourceVersion "1"]
[SourceVersionDate "2023.10.10"]
[SourceQuality "1"]

1. e4 c5 2. Nf3 e6 3. g3 d5 4. exd5 exd5 5. d4 Nc6 6. Bg2 Nf6 7. 0-0 Be7 8. dxc5 0-0 9. Nc3 Bxc5 10. a3 Bg4 11. h3 Bh5 12. Ne2 Re8 13. b4 Bb6 14. Nf4 Bxf3 15. Bxf3 Nd4 16. Bb2 Nxf3+ 17. Qxf3 Rc8 18. Qd3 d4 19. Ne2 Qd7 20. Kh2 Re4 21. Rad1 Rd8 22. Rd2 h5 23. Rfd1 Qe7 24. Qf3 h4 25. Bxd4 hxg3+ 26. fxg3 Bxd4 27. Nxd4 Qe5 28. Nf5 Re8 29. Rf2 Re6 30. c3 g6 31. Rd8+ Kh7 32. Nd4 Rb6 33. Re2 Kg7 34. Rc8 a5 35. Rc5 Qe7 36. Rxa5 Rd6 37. Rf2 Re3 38. Qf4 Rxc3 39. Nb5 Ne4 40. Nxd6 Nxf2 41. Qd4+ f6 42. Qxc3 Qd7 43. Rc5 Qxh3+ 44. Kg1 Ng4 45. Rc7+ Kh6 46. Qc1+ g5 47. Nf5+ Kg6 48. Ne7+ Kh5 49. Rc2 Qxg3+ 50. Rg2 Qf3 51. a4 f5 52. Qe1 f4 53. Ng8 Ne3 54. Rh2+ Kg6 55. Qb1+ Kg7 56. Qh7+ Kf8 57. Qh6+ Kxg8 58. Qg6+ Kf8 59. Qf6+ Ke8 60. Rh8+ 1-0

[Event "St Petersburg Korchnoi Memorial op"]
[Site "St Petersburg"]
[Date "2023.08.19"]
[Round "2"]
[White "Pereverzev, Valerii"]
[Black "Krasnov, Ilia A"]
[Result "1/2-1/2"]
[WhiteElo "1946"]
[BlackElo "1436"]
[PlyCount "82"]
[EventDate "2023.08.18"]
[EventType "swiss"]
[EventRounds "9"]
[EventCountry "RUS"]
[SourceTitle "EXT 2024"]
[Source "ChessBase"]
[SourceDate "2023.10.10"]
[SourceVersion "1"]
[SourceVersionDate "2023.10.10"]
[SourceQuality "1"]

1. e4 e6 2. d4 d5 3. Nc3 Nf6 4. Bg5 Bb4 5. e5 h6 6. exf6 hxg5 7. fxg7 Rg8 8. h4 gxh4 9. Qh5 Qf6 10. Nf3 c5 11. Qxh4 Qxg7 12. 0-0-0 Bxc3 13. bxc3 Nc6 14. Bb5 Bd7 15. Bxc6 Bxc6 16. Ne5 f6 17. Nd3 cxd4 18. cxd4 0-0-0 19. Rhe1 Rde8 20. Re3 Qg5 21. Qxg5 Rxg5 22. Rf3 Bb5 23. Rxf6 Bxd3 24. Rxd3 Rxg2 25. Rf7 Kd8 26. Rh3 Re7 27. Rh8+ Kd7 28. Rxe7+ Kxe7 29. Rh7+ Kd6 30. Rxb7 Rxf2 31. Rxa7 Kc6 32. Kb2 Re2 33. Kb3 e5 34. Re7 Re3+ 35. c3 exd4 36. Rxe3 dxe3 37. Kc2 Kc5 38. Kd3 e2 39. Kxe2 d4 40. cxd4+ Kxd4 41. a4 Kc5 1/2-1/2

[Event "Murmansk ChessMates 4th"]
[Site "Murmansk"]
[Date "2020.03.14"]
[Round "4.3"]
[White "Khon, Ilya"]
[Black "Pereverzev, Valerii"]
[Result "0-1"]
[WhiteElo "1223"]
[BlackElo "1379"]
[PlyCount "88"]
[EventDate "2020.03.13"]
[EventType "team-tourn"]
[EventRounds "5"]
[EventCountry "RUS"]
[SourceTitle "CBM 195 Extra"]
[Source "ChessBase"]
[SourceDate "2020.05.31"]
[SourceVersion "1"]
[SourceVersionDate "2020.05.31"]
[SourceQuality "1"]
[WhiteTeam "Novorossiysk"]
[BlackTeam "Ireland Youth"]
[WhiteTeamCountry "RUS"]
[BlackTeamCountry "IRL"]

1. e4 c5 2. Nf3 e6 3. d4 cxd4 4. Nxd4 Nf6 5. Nc3 d6 6. Bd3 a6 7. a4 Be7 8. 0-0 Qc7 9. Bd2 Nc6 10. Kh1 Nxd4 11. Be3 Nc6 12. a5 Nxa5 13. Na4 Nc6 14. Nb6 Rb8 15. Qe1 Nd7 16. Nxd7 Bxd7 17. f4 Bf6 18. c3 0-0 19. Qf2 Rbc8 20. Bb6 Qb8 21. Qg3 g6 22. f5 exf5 23. exf5 Ne5 24. fxg6 fxg6 25. Bd4 Bg7 26. Bc2 Rxf1+ 27. Rxf1 Rf8 28. Re1 Be6 29. Bxe5 dxe5 30. h3 Rf7 31. Rc1 Qf8 32. Bd3 Rf2 33. b4 Qf4 34. Qxf4 Rxf4 35. Re1 Bc4 36. Bxc4+ Rxc4 37. Rd1 Rc7 38. c4 e4 39. c5 Bc3 40. Rd8+ Kg7 41. Re8 Bxb4 42. Rxe4 Bxc5 43. Rc4 Bd6 44. Rd4 Rc1+ 0-1

[Event "Murmansk ChessMates 4th"]
[Site "Murmansk"]
[Date "2020.03.13"]
[Round "1.2"]
[White "Khmil, Fedor"]
[Black "Pereverzev, Valerii"]
[Result "1-0"]
[WhiteElo "1470"]
[BlackElo "1379"]
[PlyCount "69"]
[EventDate "2020.03.13"]
[EventType "team-tourn"]
[EventRounds "5"]
[EventCountry "RUS"]
[SourceTitle "CBM 195 Extra"]
[Source "ChessBase"]
[SourceDate "2020.05.31"]
[SourceVersion "1"]
[SourceVersionDate "2020.05.31"]
[SourceQuality "1"]
[WhiteTeam "Murmansk CF"]
[BlackTeam "Ireland Youth"]
[WhiteTeamCountry "RUS"]
[BlackTeamCountry "IRL"]

1. e4 c5 2. Nf3 Nc6 3. d4 cxd4 4. Nxd4 Nf6 5. Nc3 e5 6. Ndb5 d6 7. Bg5 a6 8. Na3 b5 9. Nd5 Be7 10. Bxf6 Bxf6 11. c3 0-0 12. Be2 Bg5 13. 0-0 f5 14. f3 Be6 15. Nc2 Ne7 16. Ncb4 Ng6 17. a4 Qd7 18. axb5 axb5 19. Qd3 Rxa1 20. Rxa1 fxe4 21. fxe4 Qf7 22. Kh1 Nh4 23. Rf1 Qa7 24. Rxf8+ Kxf8 25. g3 Qf2 26. gxh4 Bf4 27. Nxf4 exf4 28. Qxd6+ Kf7 29. Nd3 Qxe2 30. Qxe6+ Kxe6 31. Nxf4+ Ke5 32. Nxe2 Kxe4 33. Nd4 b4 34. Ne6 b3 35. Nc5+ 1-0